000
00243nam a2200097Ia 4500
008
240625s9999 xx 000 0 und d
041
_a
eng
082
_a
808.20 GHO
100
_a
GHOSH ABHISHEK
245
_a
VALUATION OF SHARES BASED ON DIVIDEND DI
999
_c
38009
_d
38009